000 01528nam a2200361 i 4500
001 ebr10777938
003 CaPaEBR
006 m o d
007 cr cn|||||||||
008 131104s2007 sz a ob 001 0 eng d
020 _a9783038131502 (e-book)
020 _z9783908451471
040 _aCaPaEBR
_beng
_erda
_epn
_cCaPaEBR
035 _a(OCoLC)868961393
050 1 4 _aTP810
_b.D449 2007eb
245 0 0 _aDefects and diffusion in ceramics :
_ban annual retrospective IX /
_cedited by D. J. Fisher.
264 1 _a[Durnten-Zurich] :
_bTrans Tech Publications Ltd,
_c[2007]
300 _a1 online resource (216 pages) :
_billustrations.
336 _atext
_2rdacontent
337 _acomputer
_2rdamedia
338 _aonline resource
_2rdacarrier
490 1 _aDefect and diffusion forum,
_x1662-9507 ;
_vvolume 268
504 _aIncludes bibliographical references and index.
588 _aDescription based on online resource; title from PDF title page (ebrary, viewed November 4, 2013).
590 _aElectronic reproduction. Palo Alto, Calif. : ebrary, 2013. Available via World Wide Web. Access may be limited to ebrary affiliated libraries.
650 0 _aCeramics.
650 0 _aDiffusion.
655 0 _aElectronic books.
700 1 _aFisher, D. J.
797 2 _aebrary.
830 0 _aDiffusion and defect data.
_nPt. A,
_pDefect and diffusion forum ;
_vv. 268.
856 4 0 _uhttp://site.ebrary.com/lib/rucke/Doc?id=10777938
_zAn electronic book accessible through the World Wide Web; click to view
999 _c131448
_d131448